Mukhathu thuppunnavar / | മുഖത്ത് തുപ്പുന്നവര് (Record no. 19504)
[ view plain ]
| 000 -LEADER | |
|---|---|
| fixed length control field | 00461nam a22001577a 4500 |
| 003 - CONTROL NUMBER IDENTIFIER | |
| control field | OSt |
| 008 - FIXED-LENGTH DATA ELEMENTS--GENERAL INFORMATION | |
| fixed length control field | 250902b |||||||| |||| 00| 0 eng d |
| 041 ## - LANGUAGE CODE | |
| Language code of text/sound track or separate title | mal |
| 082 ## - DEWEY DECIMAL CLASSIFICATION NUMBER | |
| Classification number | 791.437 |
| Item number | JAY/MU |
| 100 ## - MAIN ENTRY--AUTHOR NAME | |
| Personal name | Jayakrishnan, Rayamangalam |
| 245 ## - TITLE STATEMENT | |
| Title | Mukhathu thuppunnavar / |
| Remainder of title | മുഖത്ത് തുപ്പുന്നവര് |
| 260 ## - PUBLICATION, DISTRIBUTION, ETC. (IMPRINT) | |
| Place of publication | Thiruvananthapuram : |
| Name of publisher | Mythri Books, |
| Year of publication | 2016. |
| 300 ## - PHYSICAL DESCRIPTION | |
| Number of Pages | 33 p. |
| 650 ## - SUBJECT ADDED ENTRY--TOPICAL TERM | |
| Topical Term | Screenplay |
| 942 ## - ADDED ENTRY ELEMENTS (KOHA) | |
| Koha item type | Books |
| Withdrawn status | Lost status | Damaged status | Home library | Current library | Date acquired | Source of acquisition | Cost, normal purchase price | Full call number | Accession Number | Koha item type |
|---|---|---|---|---|---|---|---|---|---|---|
| KAUAET | KAUAET | 02/09/2025 | Donated by KT Jaleel MLA | 40.00 | 791.437 JAY/MU | 26316 | Books |
